The voyages of Sindbad (Record no. 75223)

MARC details
000 -LEADER
fixed length control field 00477nam a2200181Ia 4500
008 - FIXED-LENGTH DATA ELEMENTS--GENERAL INFORMATION
fixed length control field 191130s1973##################000#0#eng##
020 ## - INTERNATIONAL STANDARD BOOK NUMBER
ISBN 9780141026442
082 ## - DEWEY DECIMAL CLASSIFICATION NUMBER
Classification number 398.22 DAW
100 ## - MAIN ENTRY--AUTHOR NAME
Personal name Dawood, N. J
245 ## - TITLE STATEMENT
Title The voyages of Sindbad
Statement of responsibility, etc translated by N.J. Dawood
260 ## - PUBLICATION, DISTRIBUTION, ETC. (IMPRINT)
Place of publication London
Name of publisher Penguin Classics
Year of publication 1973
300 ## - PHYSICAL DESCRIPTION
Number of Pages 100 p
650 ## - SUBJECT ADDED ENTRY--TOPICAL TERM
Topical Term Fairy tales
991 ## -
-- 440813
Holdings
Withdrawn status Lost status Damaged status Not for loan Home library Current library Date acquired Full call number Accession Number Price effective from Koha item type
        Anna Centenary Library Anna Centenary Library 09.10.2020 398.22 DAW 481753 09.10.2020 English Books

Find us on the map